الأمير / (Record no. 14470)
[ view plain ]
| 000 -LEADER | |
|---|---|
| fixed length control field | 01009nam a22002177a 4500 |
| 008 - FIXED-LENGTH DATA ELEMENTS--GENERAL INFORMATION | |
| fixed length control field | 100713t xxu||||| |||| 00| 0 eng d |
| 082 ## - DEWEY DECIMAL CLASSIFICATION NUMBER | |
| Edition number | 22 |
| Classification number | 320 |
| Item number | م ك ي |
| 100 ## - MAIN ENTRY--PERSONAL NAME | |
| 9 (RLIN) | 16231 |
| Personal name | مكيافللي، نيقولو |
| 245 ## - TITLE STATEMENT | |
| Title | الأمير / |
| Statement of responsibility, etc | تعليق بنيتو موسوليني؛ مقدمة كريستيان غاوس ؛ تعريب خيري حماد؛ تعقيب فاروق سعد |
| 250 ## - EDITION STATEMENT | |
| Edition statement | ط 12 |
| 260 ## - PUBLICATION, DISTRIBUTION, ETC. (IMPRINT) | |
| Place of publication, distribution, etc | بيروت : |
| Name of publisher, distributor, etc | دار الآفاق الجديدة، 1985 |
| Date of publication, distribution, etc | 1985 |
| 300 ## - PHYSICAL DESCRIPTION | |
| Extent | 373 ص ؛ |
| Dimensions | 23 سم |
| 541 ## - IMMEDIATE SOURCE OF ACQUISITION NOTE | |
| Source of acquisition | ألف باء ؛ |
| 650 ## - SUBJECT ADDED ENTRY--TOPICAL TERM | |
| 9 (RLIN) | 16238 |
| Topical term or geographic name as entry element | السياسة |
| 700 ## - ADDED ENTRY--PERSONAL NAME | |
| 9 (RLIN) | 16239 |
| Personal name | موسوليني، بنيتو |
| Relator term | تعليق |
| 700 ## - ADDED ENTRY--PERSONAL NAME | |
| 9 (RLIN) | 16240 |
| Personal name | غاوس، كريستيان |
| Relator term | تقديم |
| 700 ## - ADDED ENTRY--PERSONAL NAME | |
| 9 (RLIN) | 16241 |
| Personal name | حماد، خيري |
| Relator term | تعريب |
| 700 ## - ADDED ENTRY--PERSONAL NAME | |
| 9 (RLIN) | 16242 |
| Personal name | سعد، فاروق |
| Relator term | تعقيب |
| 942 ## - ADDED ENTRY ELEMENTS (KOHA) | |
| Source of classification or shelving scheme | Dewey Decimal Classification |
| Item type | Book - Borrowing |
| Withdrawn status | Item status | Source of classification or shelving scheme | Damaged status | Not for loan | Vendor | Home library | Current library | Shelving location | Date acquired | Source of acquisition | Total Checkouts | Total Renewals | Full call number | Barcode | Date last seen | Date last borrowed | Koha item type |
|---|---|---|---|---|---|---|---|---|---|---|---|---|---|---|---|---|---|
| Dewey Decimal Classification | Alef-Baa | Central Library | Central Library | First floor | 13/07/2010 | 5 | 69 | 320 مكي | 000021538 | 21/12/2025 | 16/03/2025 | Book - Borrowing |